000 00385nam a22001337a 4500
082 _aP-203
100 _aSajid Mehmood.
_948368
245 _aDistress and drainage survey of Nowshehra Cantonment by pass and their suggested
_cSajid Mehmood.
260 _aRisalpur.
_bNUST MCE.
_c2001
300 _aVaroius Pagings.
526 _a0
_b0
_c0
_dP_203
650 _aProject
942 _2ddc
_cBK
999 _c551340
_d551340